Statistics for Countries that Start with 'E' - Hard Version

Click here to take the quiz!

General Stats

  • This quiz has been taken 99 times
  • The average score is 9 of 12

Answer Stats

First LetterType-In Starting With EAnswer% Correct
EEritreaEritrea
91%
EEthiopiaEthiopia
89%
EEgyptEgypt
88%
EEcuadorEcuador
87%
EEstoniaEstonia
87%
EEl SalvadorEl Salvador
79%
EEswatiniEswatini
79%
EEast TimorEast Timor
76%
EEquatorial GuineaEquatorial Guinea
76%
DECongoD. R. Congo
60%
FEMicronesiaF. S. Micronesia
58%
RECongoRepublic of the Congo
53%

Score Distribution

Percentile by Number Answered

Percent of People with Each Score

Your Score History

You have not taken this quiz